[Event "Titled Tuesday intern op 23rd Apr Late"]
[Site "Chess.com INT"]
[Date "2024.04.23"]
[Round "2"]
[White "Fichter, Fabian"]
[Black "Lewtak, Damian"]
[Result "0-1"]
[WhiteElo "2303"]
[BlackElo "2343"]
[PlyCount "84"]
[EventDate "2024.04.23"]
[EventType "swiss (blitz)"]
[EventRounds "11"]
[EventCountry "USA"]
[SourceTitle "CB18_2024"]
[SourceDate "2024.05.01"]
[SourceVersion "1"]
[SourceVersionDate "2024.05.01"]
[SourceQuality "2"]

1. c4 e5 2. Nc3 Nf6 3. Nf3 Nc6 4. e3 Bb4 5. d4 d6 6. Be2 0-0 7. 0-0 Bxc3 8. bxc3 b6 9. a4 Ba6 10. Ba3 Re8 11. c5 Bxe2 12. Qxe2 dxc5 13. dxc5 Qd7 14. Rfd1 Qe6 15. h3 h6 16. Nd2 Red8 17. Nc4 Nd5 18. Rac1 Rd7 19. a5 b5 20. Nd2 a6 21. c4 bxc4 22. Nxc4 Rad8 23. Re1 Ndb4 24. Rb1 Nd3 25. Rec1 Nxc1 26. Rxc1 Na7 27. Bb2 f6 28. Kh2 Nb5 29. f3 Rd5 30. Na3 Rd2 31. Qc4 Qxc4 32. Nxc4 Rd1 33. Nb6 cxb6 34. axb6 Rxc1 35. Bxc1 Rc8 36. b7 Rb8 37. c6 Na7 38. c7 Rxb7 39. c8Q+ Nxc8 40. Ba3 Kf7 41. Bd6 Ke6 42. Bxe5 fxe5 0-1

[Event "Titled Tuesday intern op 23rd Apr Late"]
[Site "Chess.com INT"]
[Date "2024.04.23"]
[Round "8"]
[White "Lewtak, Damian"]
[Black "Bacrot, Etienne"]
[Result "1-0"]
[WhiteElo "2343"]
[BlackElo "2686"]
[PlyCount "89"]
[EventDate "2024.04.23"]
[EventType "swiss (blitz)"]
[EventRounds "11"]
[EventCountry "USA"]
[SourceTitle "CB18_2024"]
[SourceDate "2024.05.01"]
[SourceVersion "1"]
[SourceVersionDate "2024.05.01"]
[SourceQuality "2"]

1. e4 c5 2. Nf3 d6 3. Bb5+ Nd7 4. 0-0 a6 5. Bd3 e5 6. c3 Be7 7. Bc2 Ngf6 8. d4 0-0 9. a4 b6 10. Re1 Bb7 11. d5 b5 12. Qe2 c4 13. Na3 Nc5 14. Bd2 Qd7 15. Bg5 h6 16. Bxf6 Bxf6 17. Reb1 Rfb8 18. axb5 axb5 19. b4 cxb3 20. Bd3 Ba6 21. Nd2 b2 22. Rxb2 Nxd3 23. Qxd3 b4 24. Qb1 Bg5 25. cxb4 Be2 26. Ndc4 Qg4 27. h3 Qh5 28. Nxd6 Bf4 29. Nf5 g6 30. Ng3 Bxg3 31. fxg3 Ba6 32. b5 Bc8 33. Nc4 Qg5 34. Rxa8 Rxa8 35. Kh2 Bd7 36. Nb6 Ra3 37. Rb3 Rxb3 38. Qxb3 Bxh3 39. Nc4 Bc8 40. b6 Qh5+ 41. Kg1 Qe2 42. Ne3 Ba6 43. Qc3 Kg7 44. Qxe5+ Kh7 45. Qc3 1-0

[Event "Titled Tuesday intern op 23rd Apr Late"]
[Site "Chess.com INT"]
[Date "2024.04.23"]
[Round "1"]
[White "Lewtak, Damian"]
[Black "Zhou, Qiyu"]
[Result "1-0"]
[WhiteElo "2343"]
[BlackElo "2201"]
[PlyCount "125"]
[EventDate "2024.04.23"]
[EventType "swiss (blitz)"]
[EventRounds "11"]
[EventCountry "USA"]
[SourceTitle "CB18_2024"]
[SourceDate "2024.05.01"]
[SourceVersion "1"]
[SourceVersionDate "2024.05.01"]
[SourceQuality "2"]

1. e4 e5 2. Nf3 Nc6 3. Bb5 a6 4. Bxc6 dxc6 5. 0-0 Bg4 6. h3 h5 7. d3 Bd6 8. Re1 Be6 9. d4 f6 10. dxe5 fxe5 11. Ng5 Qf6 12. Qf3 Qxf3 13. Nxf3 0-0-0 14. Ng5 Re8 15. Nxe6 Rxe6 16. Bg5 Nf6 17. Bxf6 Rxf6 18. Nd2 Rhf8 19. Re2 Bc5 20. Rf1 g5 21. g3 g4 22. h4 b5 23. Kg2 Rd8 24. f3 Rfd6 25. Nb3 gxf3+ 26. Rxf3 Bd4 27. c3 Bb6 28. Rf5 Rd1 29. Rxh5 Rg1+ 30. Kf3 Rd3+ 31. Kg4 Rdxg3+ 32. Kf5 R3g2 33. Rxg2 Rxg2 34. Kxe5 Rxb2 35. Nd4 Kb7 36. a3 c5 37. Nf5 Rb3 38. Rg5 Rxc3 39. h5 Rh3 40. h6 c4 41. Rg3 Rh5 42. Kf6 Ba5 43. Kg6 Rh2 44. h7 c3 45. Rg1 c2 46. Nh6 Rg2+ 47. Rxg2 c1Q 48. h8Q Qc6+ 49. Kf5 Bc3 50. Qg8 Qf6+ 51. Kg4 Qxh6 52. Qd5+ Kb6 53. Rf2 Qg6+ 54. Kf3 Qf6+ 55. Ke2 Qh4 56. Rg2 Ka5 57. Qd3 Qh8 58. Ke3 c5 59. Ke2 Bd4 60. Rg3 Qe5 61. Kf3 Qd5 62. Qd2+ b4 63. exd5 1-0

[Event "Titled Tuesday intern op 23rd Apr Late"]
[Site "Chess.com INT"]
[Date "2024.04.23"]
[Round "4"]
[White "Rogov, Matfey"]
[Black "Lewtak, Damian"]
[Result "0-1"]
[WhiteElo "2191"]
[BlackElo "2343"]
[PlyCount "74"]
[EventDate "2024.04.23"]
[EventType "swiss (blitz)"]
[EventRounds "11"]
[EventCountry "USA"]
[SourceTitle "CB18_2024"]
[SourceDate "2024.05.01"]
[SourceVersion "1"]
[SourceVersionDate "2024.05.01"]
[SourceQuality "2"]

1. e4 e6 2. d4 d5 3. Bd3 c5 4. c3 Nc6 5. Ne2 cxd4 6. exd5 Qxd5 7. 0-0 dxc3 8. Nbxc3 Qd8 9. Bf4 a6 10. Rc1 Nf6 11. Ng3 Be7 12. Qf3 e5 13. Bg5 Bg4 14. Qe3 Qd4 15. Qxd4 exd4 16. Bxf6 Bxf6 17. Nd5 0-0-0 18. Nxf6 gxf6 19. Bxa6 Kc7 20. Bd3 Kb6 21. f3 Be6 22. a3 Ne5 23. Rfd1 h6 24. Kf2 Rc8 25. Rxc8 Rxc8 26. Ke2 Bb3 27. Re1 Bc2 28. Be4 Bxe4 29. Nxe4 Rc2+ 30. Kf1 d3 31. Nxf6 Nc4 32. Nd5+ Kc5 33. Nb4 Rd2 34. Rc1 Kd4 35. Ke1 Rxg2 36. Rd1 d2+ 37. Kf1 Ne3# 0-1

[Event "Titled Tuesday intern op 02nd Apr Late"]
[Site "Chess.com INT"]
[Date "2024.04.02"]
[Round "1"]
[White "Senft, Sean"]
[Black "Lewtak, Damian"]
[Result "1-0"]
[WhiteElo "2054"]
[BlackElo "2343"]
[PlyCount "81"]
[EventDate "2024.04.02"]
[EventType "swiss (blitz)"]
[EventRounds "11"]
[EventCountry "USA"]
[SourceTitle "CB15_2024"]
[SourceDate "2024.04.10"]
[SourceVersion "1"]
[SourceVersionDate "2024.04.10"]
[SourceQuality "1"]

1. d4 Nf6 2. c4 e6 3. Nc3 Bb4 4. Nf3 d5 5. Bg5 c6 6. cxd5 exd5 7. e3 h6 8. Bh4 g5 9. Bg3 Ne4 10. Qb3 Qa5 11. Rc1 h5 12. Bxb8 Rxb8 13. Bd3 Be6 14. Ne5 Bd6 15. Bxe4 dxe4 16. Nc4 Bxc4 17. Qxc4 Bb4 18. 0-0 Bxc3 19. Rxc3 0-0 20. Qe2 h4 21. Rc5 Qd8 22. Qh5 f6 23. Qg6+ Kh8 24. Qh6+ Kg8 25. Qg6+ Kh8 26. Qxe4 Qe8 27. Qg4 Qe7 28. h3 Rbd8 29. Rfc1 Rd6 30. b4 a6 31. a4 Ra8 32. b5 axb5 33. axb5 cxb5 34. Rc7 Qe8 35. Qf5 Qh5 36. Rc8+ Rxc8 37. Rxc8+ Kg7 38. Rc7+ Kf8 39. Qc8+ Qe8 40. Qxb7 Qe6 41. Rc8+ 1-0

[Event "Karlsruhe Grenke op"]
[Site "Karlsruhe"]
[Date "2024.04.01"]
[Round "9"]
[White "Stalmach, Richard"]
[Black "Lewtak, Damian"]
[Result "0-1"]
[WhiteElo "2436"]
[BlackElo "2343"]
[PlyCount "54"]
[EventDate "2024.03.28"]
[EventType "swiss"]
[EventRounds "9"]
[EventCountry "GER"]
[SourceTitle "CB14_2024"]
[SourceDate "2024.04.01"]
[SourceVersion "1"]
[SourceVersionDate "2024.04.01"]
[SourceQuality "1"]

1. d4 Nf6 2. c4 e6 3. g3 c5 4. d5 exd5 5. cxd5 d6 6. Nc3 g6 7. Bg2 Bg7 8. Nf3 0-0 9. 0-0 Re8 10. Bf4 Nh5 11. Bg5 Qb6 12. Qc1 Nd7 13. a4 a6 14. Nd2 Ne5 15. f4 Ng4 16. Nc4 Qc7 17. Ne4 Bf5 18. Ncxd6 Bxe4 19. Nxe4 Bd4+ 20. Kh1 Ne3 21. Rd1 Qd7 22. Rxd4 cxd4 23. Nc5 Qg4 24. Bf3 Nxg3+ 25. hxg3 Qh3+ 26. Kg1 Qxg3+ 27. Kh1 Qh3+ 0-1

[Event "Karlsruhe Grenke op"]
[Site "Karlsruhe"]
[Date "2024.03.30"]
[Round "4"]
[White "Bluebaum, Matthias"]
[Black "Lewtak, Damian"]
[Result "1/2-1/2"]
[WhiteElo "2655"]
[BlackElo "2343"]
[PlyCount "151"]
[EventDate "2024.03.28"]
[EventType "swiss"]
[EventRounds "9"]
[EventCountry "GER"]
[SourceTitle "CB14_2024"]
[SourceDate "2024.04.01"]
[SourceVersion "1"]
[SourceVersionDate "2024.04.01"]
[SourceQuality "1"]

1. d4 Nf6 2. c4 e6 3. Nc3 Bb4 4. e3 0-0 5. Bd3 d5 6. Nf3 c5 7. 0-0 dxc4 8. Bxc4 b6 9. a3 Bxc3 10. bxc3 Nbd7 11. Qe2 Bb7 12. Bd3 Bxf3 13. Qxf3 e5 14. Bb2 Re8 15. Qg3 Qe7 16. Rad1 a6 17. c4 Rab8 18. Bf5 g6 19. Bxd7 Nxd7 20. dxe5 Nxe5 21. Qf4 f6 22. Rd5 Rbd8 23. h4 Rxd5 24. cxd5 b5 25. Rd1 Qd6 26. h5 Kg7 27. Qe4 Re7 28. Qh4 g5 29. Qh3 Qd7 30. Qg3 Qg4 31. Qxg4 Nxg4 32. d6 Rd7 33. Rd5 Kh6 34. e4 Kxh5 35. f4 Ne3 36. Rxc5 Rxd6 37. fxg5 fxg5 38. Bc1 Ng4 39. Rxg5+ Kh4 40. Rd5 Rxd5 41. exd5 Nf6 42. d6 Kg4 43. Bd2 Kf5 44. Bb4 Ke6 45. Kf2 Nd5 46. Bc5 Nf4 47. Ba7 Nd3+ 48. Ke3 Ne5 49. Bc5 Kd5 50. Bb4 Nc4+ 51. Kf4 Nxd6 52. Kg5 Nc4 53. g4 a5 54. Bf8 Ne5 55. Kf5 Nd7 56. Bh6 b4 57. axb4 axb4 58. Bg7 b3 59. g5 Nf8 60. Bb2 Kd6 61. Kf6 Ne6 62. g6 hxg6 63. Kxg6 Kd5 64. Kf5 Nc5 65. Ba1 Nd3 66. Bg7 Nc5 67. Ba1 Kc4 68. Ke5 Kd3 69. Kd6 Na4 70. Kd5 Kc2 71. Kc4 Nb2+ 72. Kb4 Nd3+ 73. Kc4 Ne1 74. Bg7 Nf3 75. Bh8 Nd2+ 76. Kb4 1/2-1/2

[Event "Titled Tuesday intern op 12th Mar Early"]
[Site "Chess.com INT"]
[Date "2024.03.12"]
[Round "2"]
[White "Lewtak, Damian"]
[Black "Barash, Anton"]
[Result "1-0"]
[WhiteElo "2343"]
[BlackElo "2089"]
[PlyCount "69"]
[EventDate "2024.03.12"]
[EventType "swiss (blitz)"]
[EventRounds "11"]
[EventCountry "USA"]
[SourceTitle "CB12_2024"]
[SourceDate "2023.10.01"]
[SourceVersion "1"]
[SourceVersionDate "2023.10.01"]
[SourceQuality "1"]

1. e4 e6 2. d4 d5 3. e5 c5 4. c3 Qb6 5. Nf3 Bd7 6. Bd3 Bb5 7. h4 Bxd3 8. Qxd3 Nc6 9. h5 cxd4 10. cxd4 h6 11. Nc3 Nge7 12. 0-0 Nf5 13. Rd1 Be7 14. Nxd5 exd5 15. Qxf5 0-0 16. b3 Rac8 17. Be3 Nb4 18. Rd2 Rc6 19. a3 Na6 20. b4 Nc7 21. Kh2 Ne6 22. g4 Rfc8 23. Rg1 Rc3 24. g5 hxg5 25. Nxg5 Bxg5 26. Bxg5 Rxa3 27. Bf6 Rcc3 28. Rg4 Rf3 29. Rxg7+ Nxg7 30. Qg5 Kf8 31. Qxg7+ Ke8 32. Qg8+ Kd7 33. Qxf7+ Kc6 34. Qe8+ Kc7 35. Bd8+ 1-0

[Event "Titled Tuesday intern op 12th Mar Early"]
[Site "Chess.com INT"]
[Date "2024.03.12"]
[Round "8"]
[White "Lewtak, Damian"]
[Black "Williams, Simon Kim"]
[Result "1-0"]
[WhiteElo "2343"]
[BlackElo "2467"]
[PlyCount "137"]
[EventDate "2024.03.12"]
[EventType "swiss (blitz)"]
[EventRounds "11"]
[EventCountry "USA"]
[SourceTitle "CB12_2024"]
[SourceDate "2023.10.01"]
[SourceVersion "1"]
[SourceVersionDate "2023.10.01"]
[SourceQuality "1"]

1. e4 c5 2. Nf3 d6 3. Bb5+ Nc6 4. 0-0 Bd7 5. c3 Nf6 6. Re1 a6 7. Bxc6 Bxc6 8. d4 Bxe4 9. Bg5 Bd5 10. Nbd2 cxd4 11. Nxd4 e6 12. Qe2 Be7 13. c4 Bc6 14. Nf5 exf5 15. Bxf6 gxf6 16. Qh5 Qd7 17. Qe2 Kf8 18. Qh5 h6 19. Nf1 f4 20. Rad1 Re8 21. Rd4 Bd8 22. Red1 Re5 23. Qh4 Rg5 24. g3 Qg4 25. Qxg4 Rxg4 26. Ne3 fxe3 27. Rxg4 exf2+ 28. Kxf2 Bb6+ 29. Ke2 Bc5 30. Rf4 Ke7 31. Rdf1 Bd7 32. Rxf6 Be6 33. b3 h5 34. R6f4 a5 35. Kd3 a4 36. Kc3 axb3 37. axb3 Ra8 38. Rh4 Ra3 39. Rxh5 b5 40. Kb2 b4 41. Rh4 Ra8 42. Ra1 Rg8 43. Re1 Rg5 44. Re2 Rf5 45. Rf4 Rxf4 46. gxf4 Bd4+ 47. Kc2 Kf6 48. Kd3 Bc3 49. Ke4 Bg4 50. Rg2 Bh3 51. Rg3 Bf5+ 52. Kd5 Ke7 53. Re3+ Kd7 54. Re2 Bd3 55. Rg2 Bb1 56. h4 Bg6 57. Rh2 Bd3 58. h5 f5 59. c5 Be4+ 60. Kc4 d5+ 61. Kb5 d4 62. h6 d3 63. h7 d2 64. Rxd2+ Kc7 65. Rd6 Bf3 66. Rh6 Be2+ 67. Ka4 Kb7 68. h8Q Bf3 69. Qh7+ 1-0

[Event "Titled Tuesday intern op 12th Mar Early"]
[Site "Chess.com INT"]
[Date "2024.03.12"]
[Round "3"]
[White "Ter Sahakyan, Samvel"]
[Black "Lewtak, Damian"]
[Result "1-0"]
[WhiteElo "2646"]
[BlackElo "2343"]
[PlyCount "83"]
[EventDate "2024.03.12"]
[EventType "swiss (blitz)"]
[EventRounds "11"]
[EventCountry "USA"]
[SourceTitle "CB12_2024"]
[SourceDate "2023.10.01"]
[SourceVersion "1"]
[SourceVersionDate "2023.10.01"]
[SourceQuality "1"]

1. e4 c5 2. Nf3 d6 3. d4 cxd4 4. Nxd4 Nf6 5. Nc3 Nc6 6. Bg5 e6 7. Qd2 a6 8. 0-0-0 Bd7 9. Kb1 Rc8 10. Nxc6 Bxc6 11. f3 Be7 12. h4 h6 13. Be3 h5 14. Bg5 Qa5 15. Bd3 b5 16. Qe1 b4 17. Ne2 e5 18. Ng3 g6 19. Nf1 d5 20. Ne3 d4 21. Nc4 Qc7 22. Bxf6 Bxf6 23. Qxb4 Be7 24. Qa5 f6 25. Qxc7 Rxc7 26. Rc1 Kf7 27. c3 Rd8 28. cxd4 Rxd4 29. Be2 Bb5 30. b3 Kg7 31. a4 Bxc4 32. Bxc4 a5 33. Bd5 Rd7 34. g4 Rd3 35. gxh5 gxh5 36. Rhg1+ Kh6 37. Rg8 Rxf3 38. Rcg1 Bc5 39. R8g6+ Kh7 40. Bg8+ Kh8 41. Rh6+ Rh7 42. Rxh7# 1-0

[Event "Titled Tuesday intern op 13th Feb Early"]
[Site "Chess.com INT"]
[Date "2024.02.13"]
[Round "1"]
[White "Lewtak, Damian"]
[Black "Matveeva, Olga"]
[Result "1-0"]
[WhiteElo "2337"]
[BlackElo "2156"]
[PlyCount "113"]
[EventDate "2024.02.13"]
[EventType "swiss (blitz)"]
[EventRounds "11"]
[EventCountry "USA"]
[SourceTitle "CB08_2024"]
[SourceDate "2024.02.21"]
[SourceVersion "1"]
[SourceVersionDate "2024.02.21"]
[SourceQuality "1"]

1. e4 c6 2. Nf3 d5 3. d3 Bg4 4. h3 Bxf3 5. Qxf3 e6 6. Be2 Nf6 7. Nd2 Be7 8. 0-0 Nbd7 9. Re1 0-0 10. d4 dxe4 11. Nxe4 Nxe4 12. Qxe4 Nf6 13. Qd3 c5 14. dxc5 Bxc5 15. Qxd8 Rfxd8 16. Bf3 Nd5 17. c4 Nb4 18. Bxb7 Nc2 19. Bf4 Nxa1 20. Bxa8 Rxa8 21. Rxa1 Bd4 22. Rb1 e5 23. Be3 Bxe3 24. fxe3 a5 25. Kf2 f6 26. Rd1 Ra7 27. Rd8+ Kf7 28. Rb8 Ke6 29. Ke2 Kd6 30. Kd3 Kc5 31. Kc3 f5 32. Rd8 f4 33. Rd5+ Kc6 34. Rxe5 fxe3 35. Rxe3 Rf7 36. Rf3 Re7 37. Rg3 g6 38. a3 a4 39. Rd3 Re2 40. Rd2 Re4 41. Kb4 h6 42. Rc2 g5 43. Kxa4 g4 44. hxg4 Rxg4 45. Kb4 h5 46. Rf2 h4 47. b3 Rg3 48. Rf6+ Kc7 49. Rh6 Rxg2 50. Rxh4 Rg5 51. Rh6 Rg3 52. a4 Rf3 53. a5 Rg3 54. Ka4 Kb7 55. b4 Rg1 56. Rh7+ Ka8 57. Kb5 1-0

[Event "Titled Tuesday intern op 13th Feb Early"]
[Site "Chess.com INT"]
[Date "2024.02.13"]
[Round "9"]
[White "Ronka, Erik"]
[Black "Lewtak, Damian"]
[Result "0-1"]
[WhiteElo "2300"]
[BlackElo "2337"]
[PlyCount "116"]
[EventDate "2024.02.13"]
[EventType "swiss (blitz)"]
[EventRounds "11"]
[EventCountry "USA"]
[SourceTitle "CB08_2024"]
[SourceDate "2024.02.21"]
[SourceVersion "1"]
[SourceVersionDate "2024.02.21"]
[SourceQuality "1"]

1. e4 c5 2. Nf3 d6 3. d4 cxd4 4. Nxd4 Nf6 5. Nc3 Nc6 6. Bg5 e6 7. Qd2 a6 8. 0-0-0 Bd7 9. f4 b5 10. Bxf6 gxf6 11. Kb1 Qb6 12. Nxc6 Bxc6 13. f5 b4 14. Ne2 e5 15. Ng3 h5 16. h4 Qc5 17. Qe2 Ke7 18. Nxh5 a5 19. g4 Rxh5 20. gxh5 Bh6 21. Rh3 Rc8 22. Rhd3 Bxe4 23. Bg2 Bxf5 24. b3 Bxd3 25. Qxd3 Rg8 26. Bd5 Rg4 27. Qa6 Qc7 28. a4 bxa3 29. Bc4 Rxh4 30. Qb5 Rxc4 31. bxc4 f5 32. Rd5 f4 33. c5 dxc5 34. Rxc5 Qd6 35. Rxe5+ Kf6 36. Rc5 Kg7 37. Ka2 Qd4 38. Rc4 Qf6 39. Qb3 f3 40. Rg4+ Bg5 41. Rxg5+ Qxg5 42. Qxf3 Qc5 43. Qg4+ Kf8 44. Qe4 Qb4 45. Qe5 Qb2+ 46. Qxb2 axb2 47. Kxb2 Kg7 48. Ka3 f5 49. Ka4 f4 50. Kxa5 f3 51. c4 f2 52. c5 f1Q 53. Kb6 Qf8 54. Kb7 Qe7+ 55. Kb6 Qd8+ 56. Kb7 Qd7+ 57. Kb6 Qc8 58. c6 Kh6 0-1

[Event "Titled Tuesday intern op 16th Jan Early"]
[Site "Chess.com INT"]
[Date "2024.01.16"]
[Round "2"]
[White "Lewtak, Damian"]
[Black "Bortnyk, Olexandr"]
[Result "0-1"]
[WhiteElo "2337"]
[BlackElo "2608"]
[PlyCount "84"]
[EventDate "2024.01.16"]
[EventType "swiss (blitz)"]
[EventRounds "11"]
[EventCountry "USA"]
[SourceTitle "CB04_2024"]
[SourceDate "2023.10.16"]
[SourceVersion "1"]
[SourceVersionDate "2023.10.16"]
[SourceQuality "1"]

1. e4 g6 2. d4 Bg7 3. Nc3 c6 4. Be3 d5 5. e5 h5 6. h3 Nh6 7. Nf3 Nf5 8. Bf4 Qb6 9. Na4 Qc7 10. Qd2 Be6 11. Nc5 Nd7 12. Nxe6 fxe6 13. Ng5 Nf8 14. h4 a6 15. g3 c5 16. c3 cxd4 17. cxd4 Qb6 18. Rd1 Rc8 19. Be2 Bh6 20. Nh3 Bxf4 21. Nxf4 Kf7 22. 0-0 Nd7 23. Bd3 Rcg8 24. Bb1 Nb8 25. Nh3 Ke8 26. Ng5 Kd7 27. Kg2 Nc6 28. Bxf5 gxf5 29. Rfe1 Rf8 30. Re3 f4 31. Rb3 Qa7 32. gxf4 Rf5 33. Rf3 Rhf8 34. Kg3 Qb6 35. Qc3 a5 36. Rd2 Qa6 37. Qd3 Qb6 38. a3 a4 39. Qc3 Qa6 40. Qc5 Qf1 41. Qc2 Qg1+ 42. Kh3 Rxg5 0-1

[Event "Titled Tuesday intern op 16th Jan Early"]
[Site "Chess.com INT"]
[Date "2024.01.16"]
[Round "9"]
[White "Lewtak, Damian"]
[Black "Dominguez Perez, Leinier"]
[Result "0-1"]
[WhiteElo "2337"]
[BlackElo "2752"]
[PlyCount "74"]
[EventDate "2024.01.16"]
[EventType "swiss (blitz)"]
[EventRounds "11"]
[EventCountry "USA"]
[SourceTitle "CB04_2024"]
[SourceDate "2023.10.16"]
[SourceVersion "1"]
[SourceVersionDate "2023.10.16"]
[SourceQuality "1"]

1. e4 c5 2. Nf3 d6 3. d4 cxd4 4. Nxd4 Nf6 5. Nc3 a6 6. h4 e5 7. Nf5 d5 8. Qf3 d4 9. Nd5 Nxd5 10. exd5 Bxf5 11. Qxf5 Nd7 12. c3 Qa5 13. Bc4 Bd6 14. Bd2 Qc7 15. Bb3 dxc3 16. Bxc3 0-0 17. h5 Qd8 18. Bc2 Nf6 19. 0-0-0 Qd7 20. Qd3 Rac8 21. Kb1 b5 22. g4 b4 23. g5 e4 24. Qe3 bxc3 25. gxf6 Rfe8 26. Rdg1 g6 27. hxg6 fxg6 28. Qh6 Qf7 29. b3 Rc7 30. Rg4 Qxf6 31. Bxe4 c2+ 32. Bxc2 Rg7 33. Rhg1 Qc3 34. Rxg6 Re1+ 35. Rxe1 Qxe1+ 36. Kb2 Be5+ 37. Ka3 Qa5# 0-1

[Event "Titled Tuesday intern op 16th Jan Early"]
[Site "Chess.com INT"]
[Date "2024.01.16"]
[Round "5"]
[White "Lewtak, Damian"]
[Black "Kuzubov, Yuriy"]
[Result "0-1"]
[WhiteElo "2337"]
[BlackElo "2605"]
[PlyCount "52"]
[EventDate "2024.01.16"]
[EventType "swiss (blitz)"]
[EventRounds "11"]
[EventCountry "USA"]
[SourceTitle "CB04_2024"]
[SourceDate "2023.10.16"]
[SourceVersion "1"]
[SourceVersionDate "2023.10.16"]
[SourceQuality "1"]

1. e4 e6 2. Nf3 d5 3. exd5 exd5 4. d4 Bg4 5. h3 Bh5 6. c4 Nf6 7. Nc3 Bb4 8. Qb3 Nc6 9. cxd5 Nxd5 10. Be3 0-0 11. Bc4 Na5 12. Bxd5 Nxb3 13. Bxb3 c5 14. dxc5 Bxf3 15. gxf3 Qf6 16. 0-0-0 Bxc3 17. bxc3 Qxc3+ 18. Kb1 b6 19. Rd7 bxc5 20. Rc1 Qf6 21. Rxc5 Qxf3 22. Rcc7 Rab8 23. Kb2 a5 24. Rd4 Qxh3 25. Rf4 Qe6 26. Bc5 Qe5+ 0-1

[Event "Piraeus IM 12"]
[Site "Piraeus"]
[Date "2023.12.18"]
[Round "5"]
[White "Kotronias, Vasilios"]
[Black "Lewtak, Damian"]
[Result "1/2-1/2"]
[WhiteElo "2440"]
[BlackElo "2353"]
[PlyCount "82"]
[EventDate "2023.12.14"]
[EventType "tourn"]
[EventRounds "9"]
[EventCountry "GRE"]
[EventCategory "2"]
[SourceTitle "CB52_2023"]
[SourceDate "2023.12.27"]
[SourceVersion "1"]
[SourceVersionDate "2023.12.27"]
[SourceQuality "1"]

1. e4 c5 2. Nf3 d6 3. d4 cxd4 4. Nxd4 Nf6 5. Nc3 a6 6. Bg5 Nbd7 7. Bc4 Qb6 8. Bb3 e6 9. Qd2 Nc5 10. 0-0-0 Nfxe4 11. Nxe4 Nxe4 12. Ba4+ Bd7 13. Bxd7+ Kxd7 14. Qf4 Nxg5 15. Qxg5 Qd8 16. Qh5 Qf6 17. Kb1 Rc8 18. f4 Kc7 19. g4 g6 20. Qh3 Kb8 21. f5 e5 22. Ne2 h5 23. Ng3 hxg4 24. Qxg4 Rh4 25. Qf3 Rcc4 26. a3 Bg7 27. Qb3 Rc6 28. Rhf1 Rf4 29. Ka2 Ka7 30. c3 Rb6 31. Qd5 Rb5 32. Qd2 gxf5 33. Rxf4 exf4 34. Ne2 Qe6+ 35. Ka1 f3 36. Nd4 Bxd4 37. Qxd4+ Kb8 38. Qf4 Re5 39. Qxf3 Re1 40. h4 Rxd1+ 41. Qxd1 f4 1/2-1/2

[Event "POL-ch sf"]
[Site "Karpacz"]
[Date "2023.12.09"]
[Round "6"]
[White "Pycinski, Wladyslaw"]
[Black "Lewtak, Damian"]
[Result "1/2-1/2"]
[WhiteElo "2040"]
[BlackElo "2353"]
[PlyCount "95"]
[EventDate "2023.12.04"]
[EventType "swiss"]
[EventRounds "9"]
[EventCountry "POL"]
[SourceTitle "CB50_2023"]
[SourceDate "2023.12.13"]
[SourceVersion "1"]
[SourceVersionDate "2023.12.13"]
[SourceQuality "1"]

1. d4 Nf6 2. c4 e6 3. g3 c5 4. d5 exd5 5. cxd5 d6 6. Nc3 g6 7. Bg2 Bg7 8. Nf3 0-0 9. 0-0 a6 10. a4 Re8 11. Nd2 Nbd7 12. h3 Rb8 13. Nc4 Qc7 14. a5 b5 15. axb6 Nxb6 16. Na5 Bd7 17. Kh2 Bb5 18. Re1 Nfd7 19. Qb3 Nc8 20. Qc2 Ne5 21. Rd1 Na7 22. b3 f5 23. Ra2 Bd7 24. e3 g5 25. Nc4 Nb5 26. Bb2 Nxc4 27. bxc4 Nxc3 28. Bxc3 Bc8 29. Rb2 Rxb2 30. Qxb2 Bxc3 31. Qxc3 Qg7 32. Qxg7+ Kxg7 33. Rb1 Kf6 34. Bf1 Ke7 35. Bd3 Rf8 36. Kg2 Kd7 37. f4 gxf4 38. exf4 Kc7 39. Kf3 h5 40. Bc2 Bd7 41. Ra1 Kb6 42. Ba4 Bxa4 43. Rxa4 Rg8 44. Ra1 a5 45. Ra2 Ka6 46. Ra3 Rg7 47. Ra2 Rg8 48. Ra3 1/2-1/2

[Event "POL-ch sf"]
[Site "Karpacz"]
[Date "2023.12.05"]
[Round "2"]
[White "Lewtak, Damian"]
[Black "Brzezina, Piotr"]
[Result "1-0"]
[WhiteElo "2353"]
[BlackElo "2052"]
[PlyCount "59"]
[EventDate "2023.12.04"]
[EventType "swiss"]
[EventRounds "9"]
[EventCountry "POL"]
[SourceTitle "CB50_2023"]
[SourceDate "2023.12.13"]
[SourceVersion "1"]
[SourceVersionDate "2023.12.13"]
[SourceQuality "1"]

1. Nf3 Nf6 2. c4 b6 3. e3 Bb7 4. b3 e6 5. Bb2 Be7 6. Be2 0-0 7. Rg1 d5 8. g4 c5 9. g5 Ne4 10. h4 Nc6 11. d3 Nd6 12. Nbd2 b5 13. Rc1 bxc4 14. bxc4 dxc4 15. dxc4 Nf5 16. a3 Rb8 17. Qc2 Ba8 18. Bc3 Qb6 19. Bd3 Rfd8 20. Bxf5 exf5 21. Qxf5 Qa6 22. h5 Qxa3 23. Ke2 Nd4+ 24. exd4 cxd4 25. Bxd4 Rxd4 26. Nxd4 Bb4 27. Qe5 Rd8 28. g6 f6 29. Qe6+ Kh8 30. h6 1-0

[Event "POL-ch sf"]
[Site "Karpacz"]
[Date "2023.12.04"]
[Round "1"]
[White "Maciaszek, Karol"]
[Black "Lewtak, Damian"]
[Result "0-1"]
[WhiteElo "1856"]
[BlackElo "2353"]
[PlyCount "60"]
[EventDate "2023.12.04"]
[EventType "swiss"]
[EventRounds "9"]
[EventCountry "POL"]
[SourceTitle "CB50_2023"]
[SourceDate "2023.12.13"]
[SourceVersion "1"]
[SourceVersionDate "2023.12.13"]
[SourceQuality "1"]

1. d4 e6 2. e4 d5 3. e5 c5 4. c3 Nc6 5. Nf3 Qb6 6. Be2 Nh6 7. Bxh6 gxh6 8. Qd2 Bd7 9. 0-0 Rc8 10. dxc5 Qxc5 11. a4 Bg7 12. Qf4 Qb6 13. b4 Qc7 14. Bb5 0-0 15. Qe3 Nxe5 16. Nxe5 Bxb5 17. axb5 Qxe5 18. Rxa7 Qxe3 19. fxe3 Rc7 20. b6 Rd7 21. Rc1 Rc8 22. Na3 Bf8 23. Rc2 Rc6 24. Nb5 Rxb6 25. Nd4 Rc7 26. Raa2 Bd6 27. Kf2 Be5 28. Kf3 Bxd4 29. exd4 Rbc6 30. Ra3 Rc4 0-1

[Event "Figueira da Foz op 17th"]
[Site "Figueira da Foz"]
[Date "2023.11.08"]
[Round "5"]
[White "Lewtak, Damian"]
[Black "Solodovnichenko, Yuri"]
[Result "1/2-1/2"]
[WhiteElo "2356"]
[BlackElo "2490"]
[PlyCount "104"]
[EventDate "2023.11.05"]
[EventType "swiss"]
[EventRounds "9"]
[EventCountry "POR"]
[SourceTitle "CB46_2023"]
[SourceDate "2023.11.15"]
[SourceVersion "1"]
[SourceVersionDate "2023.11.15"]
[SourceQuality "1"]

1. e4 c5 2. Nf3 d6 3. d4 cxd4 4. Nxd4 Nf6 5. Nc3 a6 6. Bd3 e6 7. Qe2 b5 8. a4 b4 9. Na2 e5 10. Nf3 Nc6 11. h3 Be7 12. Bg5 0-0 13. Bxf6 Bxf6 14. Nc1 Ne7 15. a5 d5 16. Nb3 Ng6 17. g3 Qc7 18. Nfd2 Bb7 19. 0-0 Rfe8 20. Rfe1 Ne7 21. Ra4 dxe4 22. Bxe4 Nd5 23. Qh5 h6 24. Qf5 Kf8 25. Qf3 Rad8 26. Nf1 Rd6 27. Raa1 Red8 28. Rad1 Bc6 29. Rd3 Ne7 30. Red1 Rxd3 31. Rxd3 Rxd3 32. Qxd3 Bb5 33. Qd2 Nc6 34. Ne3 Be7 35. Nd5 Qd6 36. Qe3 Bd8 37. Qf3 g6 38. Nb6 Ne7 39. Bd3 Bc6 40. Be4 Bb5 41. Bd3 Bxb6 42. Bxb5 axb5 43. axb6 Qxb6 44. Qe2 f6 45. Qd2 Qc6 46. Qxh6+ Kf7 47. Qd2 Nd5 48. h4 Ke6 49. Nc1 Qc4 50. Ne2 b3 51. cxb3 Qxb3 52. Nc3 Nxc3 1/2-1/2